Wealth, prosperity & fame (Record no. 93318)

MARC details
000 -LEADER
fixed length control field 00476nam a2200181Ia 4500
008 - FIXED-LENGTH DATA ELEMENTS--GENERAL INFORMATION
fixed length control field 191130s2007##################000#0#eng##
020 ## - INTERNATIONAL STANDARD BOOK NUMBER
ISBN 9788184190397
082 ## - DEWEY DECIMAL CLASSIFICATION NUMBER
Classification number 133.5 KUL
100 ## - MAIN ENTRY--AUTHOR NAME
Personal name Kuldeep Saluja
245 ## - TITLE STATEMENT
Title Wealth, prosperity & fame
Statement of responsibility, etc Kuldeep Saluja
260 ## - PUBLICATION, DISTRIBUTION, ETC. (IMPRINT)
Place of publication New Delhi
Name of publisher Fusion Books
Year of publication 2007
300 ## - PHYSICAL DESCRIPTION
Number of Pages 134 p
650 ## - SUBJECT ADDED ENTRY--TOPICAL TERM
Topical Term Astrology
991 ## -
-- 437619
Holdings
Withdrawn status Lost status Damaged status Not for loan Home library Current library Shelving location Date acquired Full call number Accession Number Price effective from Koha item type
        Anna Centenary Library Anna Centenary Library 3RD FLOOR, A WING 09.10.2020 133.5 KUL 224132 09.10.2020 English Books
        Anna Centenary Library Anna Centenary Library 3RD FLOOR, A WING 09.10.2020 133.5 KUL 224133 09.10.2020 Books

Find us on the map